Controversies - Statistics

General Stats
  • This quiz has been taken 78 times
  • The average score is 15 of 26
Answer Stats
Question Answer % Correct
What shape is the Earth ? Round
97%
Showers or baths ? Showers
74%
Coke or Pepsi ? Coke
73%
Draw or paint ? Draw
71%
Marvel or DC ? Marvel
70%
Morning or night ? Night
70%
Batman or Superman ? (who would win in a fight ?) Superman
69%
How many holes does a straw have ? One
66%
Potato or tomato ? Potato
64%
Do aliens exist ? Yes
64%
Pie or cake ? Cake
61%
Which came first ? Egg
58%
Android or Iphone ? Iphone
56%
Books or Movies ? Movies
56%
Does pineapple belong on Pizza ? No
56%
Invisibility or Flying ? Flying
52%
What colour is the dress ? (do not choose the dress picture) White and gold
52%
Color or Colour Colour
49%
Beach or Mountains ? Beach
48%
City or Countryside ? Countryside
48%
Cats or dogs ? Dogs
47%
Sweets or Chocolate ? Sweets
44%
Summer or Winter ? Winter
43%
Is there an afterlife ? No
40%
Do you eat or drink soup ? Drink
26%
Which one do you put in the bowl first ? Milk
14%
No matching quizzes found
Score Distribution
Percent of People with Each Score
Percentile by Number Answered
Your Score History
You have not taken this quiz